Sequentielles Entscheiden bei der Bewältigung komplexer unternehmerischer Probleme Inauguraldissertation

Na minha lista:
Detalhes bibliográficos
Autor principal: Konietzka, Rainer
Formato: Livro
Idioma:alemão
Publicado em: Bochum Ruhr-Universität 1981
Tags: Adicionar Tag
Sem tags, seja o primeiro a adicionar uma tag!

MARC

LEADER 00000nam a2200000 4500
001 c136611
005 20140320091302.2
041 0 |a ger 
044 |a DE 
245 1 0 |a Sequentielles Entscheiden bei der Bewältigung komplexer unternehmerischer Probleme  |b Inauguraldissertation  |c Rainer Konietzka 
264 1 |a Bochum  |b Ruhr-Universität  |c 1981 
300 |a 277 s. 
100 1 |a Konietzka, Rainer